Doing research in fashion and dress : (Record no. 31167)
[ view plain ]
| 000 -LEADER | |
|---|---|
| fixed length control field | 02663cam a2200433 i 4500 |
| 001 - CONTROL NUMBER | |
| control field | ssj0002531794 |
| 003 - CONTROL NUMBER IDENTIFIER | |
| control field | EG-ScBUE |
| 005 - DATE AND TIME OF LATEST TRANSACTION | |
| control field | 20260405124657.0 |
| 008 - FIXED-LENGTH DATA ELEMENTS--GENERAL INFORMATION | |
| fixed length control field | 190828t2020 nyu f b 001 0 eng d |
| 020 ## - INTERNATIONAL STANDARD BOOK NUMBER | |
| International Standard Book Number | 9781350089778 |
| 040 ## - CATALOGING SOURCE | |
| Original cataloging agency | DLC |
| Language of cataloging | eng |
| Description conventions | rda |
| Transcribing agency | DLC |
| Modifying agency | DLC |
| -- | EG-ScBUE |
| 082 ## - DEWEY DECIMAL CLASSIFICATION NUMBER | |
| Edition number | 22 |
| Classification number | 391.00721 |
| Item number | KAW |
| 100 1# - MAIN ENTRY--PERSONAL NAME | |
| Personal name | Kawamura, Yuniya, |
| Dates associated with a name | 1963- |
| Relator term | author. |
| 245 10 - TITLE STATEMENT | |
| Title | Doing research in fashion and dress : |
| Remainder of title | an introduction to qualitative methods / |
| Statement of responsibility, etc | Yuniya Kawamura. |
| 250 ## - EDITION STATEMENT | |
| Edition statement | Second Edition. |
| 264 #1 - PUBLICATION, DISTRIBUTION, ETC. (IMPRINT) | |
| Place of publication, distribution, etc | London : |
| Name of publisher, distributor, etc | Bloomsbury Visual Arts, |
| Date of publication, distribution, etc | 2020. |
| 300 ## - PHYSICAL DESCRIPTION | |
| Extent | 166 pages ; |
| Dimensions | 24 cm |
| 336 ## - CONTENT TYPE | |
| Source | rdacontent |
| Content type term | text |
| Content type code | txt |
| 337 ## - MEDIA TYPE | |
| Source | rdamedia |
| Media type term | unmediated |
| Media type code | n |
| 338 ## - CARRIER TYPE | |
| Source | rdacarrier |
| Carrier type term | volume |
| Carrier type code | nc |
| 500 ## - GENERAL NOTE | |
| General note | "First published in Great Britain by Berg 2011"--T.p. verso. |
| 504 ## - BIBLIOGRAPHY, ETC. NOTE | |
| Bibliography, etc | Includes bibliographical references and index. |
| 506 ## - RESTRICTIONS ON ACCESS NOTE | |
| Terms governing access | Available on campus and off campus with authorized login. |
| 520 ## - SUMMARY, ETC. | |
| Summary, etc | "Whether you're investigating fashion as a material object, an abstract idea, a social phenomenon, or a commercial system, qualitative techniques can further your understanding of almost any research topic. Doing Research in Fashion and Dress begins by guiding you through a brief history of fashion studies, and the debates surrounding it, before introducing key qualitative methodological approaches, including ethnography, semiology, and object-based research. Detailed case studies demonstrate how each methodology is used in practice. These case studies include Japanese subcultures, fashion photography blogs and semiotic studies of fashion magazine shoots and advertisements. This second edition also features a new chapter on internet sources and online ethnography, reflecting the adoption of social media tools not only by industry practitioners but also by academics. By contextualizing history, theory and practice Doing Research in Fashion and Dress offers: -A systematic examination of qualitative research methods in fashion studies in social sciences. -A practical guide to anyone wishing to conduct fashion research in academia or in the business world. -An accessible grounding in contemporary fashion studies literature"-- |
| Assigning source | Provided by publisher. |
| 650 #7 - SUBJECT ADDED ENTRY--TOPICAL TERM | |
| Topical term or geographic name as entry element | Fashion |
| General subdivision | Research. |
| Source of heading or term | BUEsh |
| 650 #7 - SUBJECT ADDED ENTRY--TOPICAL TERM | |
| Topical term or geographic name as entry element | Qualitative research. |
| Source of heading or term | BUEsh |
| 650 #7 - SUBJECT ADDED ENTRY--TOPICAL TERM | |
| Topical term or geographic name as entry element | Fashion |
| General subdivision | Research |
| Form subdivision | Case studies. |
| Source of heading or term | BUEsh |
| 650 #7 - SUBJECT ADDED ENTRY--TOPICAL TERM | |
| Topical term or geographic name as entry element | Qualitative research |
| Form subdivision | Case studies. |
| Source of heading or term | BUEsh |
| 653 ## - INDEX TERM--UNCONTROLLED | |
| Arrived date list | April2026 |
| Resource For college | Arts and Design |
| 655 ## - INDEX TERM--GENRE/FORM | |
| Form subdivision | Reading book |
| 942 ## - ADDED ENTRY ELEMENTS (KOHA) | |
| Source of classification or shelving scheme | Dewey Decimal Classification |
| Koha item type | Book - Borrowing |
| 949 ## - LOCAL PROCESSING INFORMATION (OCLC) | |
| h | seasebook |
| 949 ## - LOCAL PROCESSING INFORMATION (OCLC) | |
| h | wellsebook |
| 949 ## - LOCAL PROCESSING INFORMATION (OCLC) | |
| h | eaebook |
| 949 ## - LOCAL PROCESSING INFORMATION (OCLC) | |
| h | nwstebook |
| 949 ## - LOCAL PROCESSING INFORMATION (OCLC) | |
| h | ulebook |
| 949 ## - LOCAL PROCESSING INFORMATION (OCLC) | |
| h | sbenebook |
| 949 ## - LOCAL PROCESSING INFORMATION (OCLC) | |
| h | coebook |
| Withdrawn status | Lost status | Source of classification or shelving scheme | Damaged status | Not for loan | Collection code | Home library | Current library | Shelving location | Date acquired | Source of acquisition | Cost, normal purchase price | Serial Enumeration / chronology | Total Checkouts | Full call number | Barcode | Date last seen | Cost, replacement price | Price effective from | Koha item type |
|---|---|---|---|---|---|---|---|---|---|---|---|---|---|---|---|---|---|---|---|
| Dewey Decimal Classification | Baccah | Central Library | Central Library | First floor | 05/04/2026 | Purchase | 2010.00 | 40179 | 391.00721 KAW | 000057579 | 05/04/2026 | 2512.50 | 05/04/2026 | Book - Borrowing |